Normal view
MARC view
- Sullivan, William G.,
Entry Personal Name
001 - CONTROL NUMBER
- control field: 106825
003 - CONTROL NUMBER IDENTIFIER
- control field: NUST
005 - DATE AND TIME OF LATEST TRANSACTION
- control field: 20230113185432.0
008 - FIXED-LENGTH DATA ELEMENTS
- fixed length control field: 230113|| aca||aabn | a|a d
040 ## - CATALOGING SOURCE
- Original cataloging agency: NUST
- Transcribing agency: NUST
100 ## - HEADING--PERSONAL NAME
- Personal name: Sullivan, William G.,
- Dates associated with a name: 1942-
670 ## - SOURCE DATA FOUND
- Source citation: Work cat.: (NUST)184991: DeGarmo, E. Paul 9077, Engineering Economy /, c1984.
